| 000 | 00701nam a22002532 4500 | ||
|---|---|---|---|
| 001 | 35115 | ||
| 003 | BD-RJUL | ||
| 005 | 20211209052249.0 | ||
| 008 | 140521t1959 ii 001 0 eng d | ||
| 035 | _a(BD-RJUL)35209 | ||
| 040 |
_aDLC _cDLC _dUKM _dEQO _dBD-RJUL _beng |
||
| 041 | _aeng | ||
| 082 | 0 | 4 |
_a306.7 _bHIP 1959 |
| 100 | 1 |
_aHirsch, Edwin Walter, _d1892- _9106918 |
|
| 245 | 1 | 4 |
_aThe power to love / _c[by] Edwin W. Hirsch. |
| 260 |
_aMobbay : _bD.B. Traporevala sons & son., _c1959 |
||
| 300 |
_axix, 298 p. ; _c23 cm. |
||
| 504 | _aincludes index. | ||
| 650 | 0 |
_aSex. _9106919 |
|
| 650 | 0 |
_aSex (Psychology) _9106920 |
|
| 942 |
_2ddc _cBK |
||
| 999 |
_c35115 _d35115 |
||